Retrospektívy a perspektívy Európskej únie

Počiatky západoeurópskej integrácie - Monnetova koncepcia medzinárodných vzťahov. Taktika liberalizácie pri rozvoji integračných procesov (päť princípov). Základné hodnoty Európskej únie, potvrdené v Zmluve o Európskej únii. Budúcnosť rozšírenej EÚ. SR ako spolutvorca budúcej podoby EÚ.

Salvato in:
Dettagli Bibliografici
Autore principale: Šíbl, Drahoš
Altri autori: Šaková, Beáta, Mogyorosiová, Zuzana, 1975-, Čiderová, Denisa, 1977-
Natura: Capitolo di libro
Lingua:slovacco
Soggetti:
Tags: Aggiungi Tag
Nessun Tag, puoi essere il primo ad aggiungerne!!

MARC

LEADER 00000naa a2200000 4500
001 r049007
005 20240502071343.8
041 0 |a slo 
044 |a SK 
245 1 0 |a Retrospektívy a perspektívy Európskej únie  |c Drahoš Šíbl, Beáta Šaková, Zuzana Mogyorosiová, Denisa Čiderová 
520 |a Počiatky západoeurópskej integrácie - Monnetova koncepcia medzinárodných vzťahov. Taktika liberalizácie pri rozvoji integračných procesov (päť princípov). Základné hodnoty Európskej únie, potvrdené v Zmluve o Európskej únii. Budúcnosť rozšírenej EÚ. SR ako spolutvorca budúcej podoby EÚ. 
610 2 0 |a integrácia ekonomická medzinárodná 
610 2 0 |a Európska únia 
610 2 0 |a vzťahy hospodárske medzinárodné 
610 2 0 |a liberalizácia 
610 2 0 |a Slovensko 
100 1 |a Šíbl, Drahoš 
700 1 |a Šaková, Beáta 
700 1 |a Mogyorosiová, Zuzana, 1975- 
700 1 |a Čiderová, Denisa, 1977-